000 00266nam a22001217a 4500
008 180906b xxu||||| |||| 00| 0 eng d
041 _aeng
080 _a574
100 _a9
101 _aMJE
245 _aRegional Environment Systems
_cRann.b
942 _2udc
_cBK
999 _c47574
_d47574